| 000 | 00722cam a2200193 4500 | ||
|---|---|---|---|
| 001 | WS114897 | ||
| 008 | 010927n 000 0 eng u | ||
| 035 | _a(Sirsi) u114897 | ||
| 110 |
_aSouth East England Development Agency _94152 |
||
| 245 | _aSouth East England Development Agency | ||
| 520 | _aWeb site for this regional development agency. Includes links to their journal 'SEView', details of relocating to the area and pages on enterprise hubs. | ||
| 650 | _aLOCAL GOVERNMENT | ||
| 650 | _aREGIONAL DEVELOPMENT AGENCIES | ||
| 650 | _aSOUTH EAST | ||
| 650 | _aENTERPRISE HUBS | ||
| 690 | _aREGENERATION | ||
| 856 | 4 | 0 |
_uhttps://www.seeda.co.uk _zView the website free of charge at www.seeda.co.uk... |
| 942 | _n0 | ||
| 999 |
_c119927 _d119927 |
||